| 000 | 00465nam a22001937a 4500 | ||
|---|---|---|---|
| 003 | CEME | ||
| 005 | 20210628202841.0 | ||
| 008 | 210118b xxu||||| |||| 00| 0 eng d | ||
| 020 | _a81-7992-052-6 | ||
| 040 | _c. | ||
| 082 | _a620.106 FLU | ||
| 100 |
_aJaico _961956 |
||
| 245 | _aFluids handling, principles and practice | ||
| 250 | _a2ND | ||
| 260 |
_aMUMBAI _bJAICO BOOKS _c2003 |
||
| 300 | _a232 P | ||
| 650 |
_aFLUIDS HANDLING _961957 |
||
| 942 |
_cBK _2ddc |
||
| 999 |
_c571224 _d571224 |
||